Memòria 1983-1987 / Diputació de Barcelona. Servei de Joventut
Descripción Física:
38 f. ; 30 cm
MARC
| LEADER | 00000nam a2200000Ia 4500 | ||
|---|---|---|---|
| 001 | 9011 | ||
| 008 | 160829s9999 xx 000 0 cat d | ||
| 080 | |a FU-24-1 | ||
| 110 | 1 | |a Barcelona (Catalunya : Província). |b Servei de Joventut |9 54681 | |
| 245 | |a Memòria 1983-1987 / Diputació de Barcelona. Servei de Joventut | ||
| 260 | |a Barcelona : |b [el Servei, s.a.] | ||
| 300 | |a 38 f. ; |c 30 cm | ||
| 650 | |a Barcelona. Diputació. Servei de Joventut |x Memòries |9 23038 | ||
| 901 | |a Arxiu | ||
| 942 | |n 1 | ||
| 952 | |0 0 |1 0 |4 0 |6 FU241 |7 1 |9 42496 |a Arxiu |b Arxiu |d 2016-12-01 |l 0 |o FU-24-1 |p 9011 |r 2016-12-01 00:00:00 |w 2016-12-01 |y ARXIU | ||
| 999 | |c 45001 |d 45001 | ||